000 00568nam a22001817a 4500
003 UA-OsUOA
001 17656
007 ta
008 20040320b un ||||| |||| 00| 0 ukr d
100 _aСадко В.
942 _cSA
040 _aUA-OsUOA
_cUA-OsUOA
_dUA-OsUOA
245 _aСмак справжнього хліба
_b[Про Рівнен. хлібозавод ТМ "Рум'янець"]
300 _aС.3
955 _a0
773 0 _w0
_tПанорама
_dРівне
_d2004
_g№10/12 берез./
650 7 _aКраєзнавча робота
_2UDC
999 _c303824
_d303824